[Event "Ruhrgebiet Verbandsklasse Gruppe 2 1819"]
[Site "Nordrheinwestfalen"]
[Date "2018.09.23"]
[Round "1.8"]
[White "Markert, Dirk"]
[Black "Abramowski, Joerg"]
[Result "1/2-1/2"]
[WhiteElo "1838"]
[BlackElo "1949"]
[PlyCount "97"]
[EventDate "2018.09.23"]
[EventType "team-tourn"]
[EventRounds "9"]
[EventCountry "GER"]
[SourceTitle "EXT 2022"]
[Source "ChessBase"]
[SourceDate "2021.10.06"]
[SourceVersion "1"]
[SourceVersionDate "2021.10.06"]
[SourceQuality "1"]
[WhiteTeam "Kamen SV II"]
[BlackTeam "Oberhausen SW"]
[WhiteTeamCountry "GER"]
[BlackTeamCountry "GER"]

1. e4 c5 2. Nc3 a6 3. Nf3 Nc6 4. d4 cxd4 5. Nxd4 e6 6. Be3 Qc7 7. Qd2 Nf6 8. f3 d6 9. 0-0-0 Be7 10. g4 b5 11. Kb1 Ne5 12. h4 Nc4 13. Bxc4 Qxc4 14. h5 h6 15. g5 hxg5 16. Bxg5 Bb7 17. Rh2 0-0-0 18. h6 gxh6 19. Rxh6 Rxh6 20. Bxh6 Rg8 21. Be3 Kb8 22. Qh2 Ka8 23. Nb3 Qc7 24. Qd2 Nd7 25. a4 Bc6 26. axb5 axb5 27. Nd4 Rb8 28. Na2 Ne5 29. b3 Bd7 30. Nb4 Rb6 31. Kb2 Bf6 32. c3 Kb7 33. Ra1 Be8 34. Ra7+ Kxa7 35. f4 Ng4 36. Bg1 Kb7 37. Qg2 Bxd4 38. Bxd4 e5 39. Bxb6 Qxb6 40. Qxg4 Qf2+ 41. Ka3 Qa7+ 42. Kb2 Qf2+ 43. Ka3 Qxf4 44. Qd1 Bc6 45. Qxd6 Qxe4 46. Nd3 Qd5 47. Nc5+ Kc8 48. Qf8+ Kc7 49. Na6+ 1/2-1/2

[Event "Ruhrgebiet Verbandsliga Gruppe 1 1718"]
[Site "Germany"]
[Date "2017.09.17"]
[Round "1.7"]
[White "Markert, Dirk"]
[Black "Medger, Gernot"]
[Result "0-1"]
[WhiteElo "1886"]
[BlackElo "1805"]
[PlyCount "128"]
[EventDate "2017.09.17"]
[EventType "team-tourn"]
[EventRounds "9"]
[EventCountry "GER"]
[SourceTitle "EXT 2022"]
[Source "ChessBase"]
[SourceDate "2021.10.06"]
[SourceVersion "1"]
[SourceVersionDate "2021.10.06"]
[SourceQuality "1"]
[WhiteTeam "Kamen SV II"]
[BlackTeam "Boenen SV"]
[WhiteTeamCountry "GER"]
[BlackTeamCountry "GER"]

1. e4 d6 2. d4 Nf6 3. Nc3 e5 4. Nge2 Be7 5. f3 c6 6. Be3 0-0 7. Qd2 b5 8. Ng3 Re8 9. Be2 a6 10. 0-0 Bd7 11. a3 c5 12. d5 Bf8 13. b3 h6 14. a4 b4 15. Nd1 a5 16. Nb2 Kh7 17. Nc4 Bc8 18. Rae1 Ra7 19. Bf2 g6 20. h4 Be7 21. Be3 Ng8 22. h5 Bh4 23. hxg6+ fxg6 24. Bf2 Bg5 25. Qd1 Rf7 26. Bd3 Ref8 27. Ne2 Ba6 28. Nb2 Bc8 29. Bb5 Nf6 30. Qd3 Nh5 31. c3 Nf4 32. Nxf4 Bxf4 33. Re2 Qg5 34. Nc4 Qh5 35. Rb1 Bh2+ 36. Kf1 Bh3 37. gxh3 Rxf3 38. Ne3 Bg3 39. Rbb2 Qxh3+ 40. Ke1 Bxf2+ 41. Kd2 Bxe3+ 42. Rxe3 Qg2+ 43. Kd1 Rf1+ 44. Qxf1 Rxf1+ 45. Bxf1 Qxb2 46. cxb4 cxb4 47. Bb5 h5 48. Ke1 g5 49. Rf3 Qc1+ 50. Kf2 Qd2+ 51. Kg1 h4 52. Rf7+ Kg8 53. Rb7 h3 54. Rxb8+ Kg7 55. Bf1 g4 56. Rb7+ Kh6 57. Rb8 Qe3+ 58. Kh1 Kg5 59. Rf8 Kh4 60. Rf6 Kg3 61. Bxh3 Qxe4+ 62. Kg1 Kxh3 63. Rf2 Qe1+ 64. Rf1 Qxf1+ 0-1

[Event "Ruhrgebiet Verbandsliga Gruppe 1 1617"]
[Site "Germany"]
[Date "2017.02.19"]
[Round "7.8"]
[White "Beierlein, Martin"]
[Black "Markert, Dirk"]
[Result "0-1"]
[WhiteElo "1805"]
[BlackElo "1834"]
[PlyCount "114"]
[EventDate "2016.09.04"]
[EventType "team-tourn"]
[EventRounds "9"]
[EventCountry "GER"]
[SourceTitle "EXT 2022"]
[Source "ChessBase"]
[SourceDate "2021.10.06"]
[SourceVersion "1"]
[SourceVersionDate "2021.10.06"]
[SourceQuality "1"]
[WhiteTeam "Oberhausen SV II"]
[BlackTeam "Kamen SV II"]
[WhiteTeamCountry "GER"]
[BlackTeamCountry "GER"]

1. d4 d5 2. c4 e6 3. Nf3 c5 4. cxd5 exd5 5. Nc3 Nc6 6. e3 Nf6 7. Bb5 a6 8. Bxc6+ bxc6 9. Ne5 Qc7 10. Qa4 Bd7 11. 0-0 Bd6 12. f4 0-0 13. Bd2 Rfb8 14. Qc2 cxd4 15. exd4 Qb6 16. Qd3 Qxb2 17. Rab1 Qa3 18. Rf3 Rxb1+ 19. Qxb1 Rb8 20. Qd3 Qb2 21. Nxd7 Nxd7 22. Rf1 Qa3 23. Rb1 Rxb1+ 24. Qxb1 Bb4 25. Qe1 Bxc3 26. Bxc3 Nf6 27. Bb4 Qxa2 28. g4 Ne4 29. g5 Qb2 30. Bc5 Qd2 31. Qf1 Qe3+ 32. Kg2 Qd2+ 33. Kg1 Nxc5 34. dxc5 Qd4+ 35. Kg2 Qe4+ 36. Kg3 Qe3+ 37. Kg2 Qe4+ 38. Kg3 Qe3+ 39. Kg2 Qd2+ 40. Kg3 Qc3+ 41. Kg2 Qc4 42. Qa1 h6 43. gxh6 gxh6 44. Qf6 Qe4+ 45. Kf2 Qg6 46. Qe5 Qc2+ 47. Kg3 Qg6+ 48. Kf2 Qe6 49. Qb8+ Kg7 50. Qd8 Qf6 51. Qc7 a5 52. Kf3 a4 53. Qa5 Qd4 54. h4 Qd3+ 55. Kf2 a3 56. Qe1 Qd4+ 57. Kg2 Qe4+ 0-1

[Event "Ruhrgebiet Verbandsklasse Gruppe 1 1516"]
[Site "Germany"]
[Date "2016.02.21"]
[Round "7.8"]
[White "Markert, Dirk"]
[Black "Ranz, Marcel"]
[Result "1-0"]
[WhiteElo "1753"]
[BlackElo "1598"]
[PlyCount "79"]
[EventDate "2015.09.06"]
[EventType "team-tourn"]
[EventRounds "9"]
[EventCountry "GER"]
[SourceTitle "EXT 2022"]
[Source "ChessBase"]
[SourceDate "2021.10.06"]
[SourceVersion "1"]
[SourceVersionDate "2021.10.06"]
[SourceQuality "1"]
[WhiteTeam "Kamen SV II"]
[BlackTeam "Borbeck Weisse Dame II"]
[WhiteTeamCountry "GER"]
[BlackTeamCountry "GER"]

1. e4 e5 2. Nf3 Nc6 3. Bc4 Be7 4. d4 d6 5. h3 Nf6 6. Nc3 0-0 7. Be3 exd4 8. Nxd4 Ne5 9. Be2 d5 10. exd5 Nxd5 11. Nxd5 Qxd5 12. 0-0 Ng6 13. c4 Qe5 14. Qc2 Nh4 15. c5 Bxc5 16. Rfd1 Bd6 17. Nf3 Nxf3+ 18. Bxf3 Bf5 19. Qc4 Qxb2 20. Bd4 Qb4 21. Qd5 Bc2 22. a3 Qa4 23. Rd2 Rad8 24. Qxb7 Bf4 25. Bc6 Qc4 26. Bb5 Qb3 27. Rxc2 Qxc2 28. Qxa7 Rd5 29. Ba4 Qc4 30. Bb2 Rfd8 31. g3 Be5 32. Rc1 Qe2 33. Bxe5 Qxe5 34. Rxc7 Qe6 35. Bb3 Rd1+ 36. Bxd1 Rxd1+ 37. Kh2 h6 38. Qa8+ Kh7 39. Qf3 Qe1 40. Qf5+ 1-0

[Event "Ruhrgebiet Verbandsklasse Gruppe 1 1516"]
[Site "Germany"]
[Date "2015.09.06"]
[Round "1.8"]
[White "Markert, Dirk"]
[Black "Czarnetzki, Reinhold"]
[Result "1/2-1/2"]
[WhiteElo "1753"]
[BlackElo "1751"]
[PlyCount "49"]
[EventDate "2015.09.06"]
[EventType "team-tourn"]
[EventRounds "9"]
[EventCountry "GER"]
[SourceTitle "EXT 2022"]
[Source "ChessBase"]
[SourceDate "2021.10.06"]
[SourceVersion "1"]
[SourceVersionDate "2021.10.06"]
[SourceQuality "1"]
[WhiteTeam "Kamen SV II"]
[BlackTeam "Brackel SF III"]
[WhiteTeamCountry "GER"]
[BlackTeamCountry "GER"]

1. e4 c5 2. Nc3 e6 3. g3 Nc6 4. Bg2 Nf6 5. d3 Be7 6. f4 d6 7. Nf3 a6 8. 0-0 Qc7 9. h3 0-0 10. g4 h6 11. a3 Nd4 12. Be3 Nxf3+ 13. Qxf3 Bd7 14. f5 Bc6 15. Qg3 Nh7 16. h4 Qd8 17. Bf2 Bf6 18. Nd1 Be5 19. Qf3 b6 20. c3 d5 21. Bg3 Qc7 22. Bxe5 Qxe5 23. Nf2 Rad8 24. Rad1 d4 25. c4 1/2-1/2

[Event "NRW Verbandsklasse Group3 1314"]
[Site "Nordrheinwestfalen"]
[Date "2014.04.06"]
[Round "9.4"]
[White "Broksch, Dirk"]
[Black "Markert, Dirk"]
[Result "1-0"]
[WhiteElo "1783"]
[BlackElo "1773"]
[PlyCount "35"]
[EventDate "2013.09.08"]
[EventType "team-tourn"]
[EventRounds "9"]
[EventCountry "GER"]
[SourceTitle "EXT 2020"]
[Source "ChessBase"]
[SourceDate "2019.10.17"]
[SourceVersion "1"]
[SourceVersionDate "2019.10.17"]
[SourceQuality "1"]
[WhiteTeam "Erkenschwick II"]
[BlackTeam "Kamen SV II"]
[WhiteTeamCountry "GER"]
[BlackTeamCountry "GER"]

1. e4 e6 2. Nc3 d5 3. exd5 exd5 4. d4 c6 5. Nf3 Bg4 6. Be2 Bd6 7. 0-0 Nd7 8. Re1 Ne7 9. h3 Bh5 10. Nh4 Bxe2 11. Qxe2 0-0 12. Bg5 Re8 13. Qg4 Nf8 14. Nf5 Nfg6 15. Bxe7 Bxe7 16. h4 Bf6 17. h5 Nf8 18. Nh6+ 1-0

[Event "NRW Verbandsklasse Group3 1314"]
[Site "Nordrheinwestfalen"]
[Date "2014.02.16"]
[Round "7"]
[White "Markert, Dirk"]
[Black "Pruefer, Wolfgang"]
[Result "0-1"]
[WhiteElo "1773"]
[BlackElo "1992"]
[PlyCount "38"]
[EventDate "2013.09.08"]
[EventType "team-tourn"]
[EventRounds "9"]
[EventCountry "GER"]
[SourceTitle "EXT 2020"]
[Source "ChessBase"]
[SourceDate "2019.10.17"]
[SourceVersion "1"]
[SourceVersionDate "2019.10.17"]
[SourceQuality "1"]
[WhiteTeam "Kamen SV II"]
[BlackTeam "Oberhausen SV II"]
[WhiteTeamCountry "GER"]
[BlackTeamCountry "GER"]

1. e4 d5 2. exd5 Qxd5 3. d4 Nc6 4. Nf3 Bg4 5. Be2 0-0-0 6. Be3 Nf6 7. c4 Qh5 8. Nc3 e6 9. a3 Bc5 10. b4 Bxd4 11. Bxd4 Nxd4 12. Nxd4 Bxe2 13. Ncxe2 e5 14. Qa4 exd4 15. Qxa7 d3 16. 0-0-0 Qxe2 17. Rd2 Qe4 18. Kb2 Qd4+ 19. Qxd4 Rxd4 0-1

[Event "Ruhrgebiet Regionalliga 1112"]
[Site "Nordrheinwestfalen"]
[Date "2011.11.27"]
[Round "4"]
[White "Volbracht, Michael"]
[Black "Markert, Dirk"]
[Result "1/2-1/2"]
[WhiteElo "1758"]
[BlackElo "1963"]
[PlyCount "83"]
[EventDate "2011.09.25"]
[EventType "team-tourn"]
[EventRounds "9"]
[EventCountry "GER"]
[SourceTitle "EXT 2020"]
[Source "ChessBase"]
[SourceDate "2019.10.17"]
[SourceVersion "1"]
[SourceVersionDate "2019.10.17"]
[SourceQuality "1"]
[WhiteTeam "Welper SV"]
[BlackTeam "Kamen SV"]
[WhiteTeamCountry "GER"]
[BlackTeamCountry "GER"]

1. Nf3 d5 2. d4 Nf6 3. Bf4 e6 4. e3 Be7 5. Bd3 0-0 6. 0-0 c5 7. c3 Nc6 8. Nbd2 b6 9. Rc1 Bb7 10. Ne5 Rc8 11. Qe2 Nb8 12. Rfd1 Nbd7 13. Nxd7 Nxd7 14. Nf3 Nf6 15. Ne5 c4 16. Bb1 b5 17. g4 Nd7 18. Qc2 g6 19. Qe2 a5 20. a3 Bc6 21. Nxc6 Rxc6 22. e4 Bg5 23. Qe3 Bxf4 24. Qxf4 Qh4 25. exd5 exd5 26. Qg3 Qxg3+ 27. hxg3 Re6 28. Re1 Rfe8 29. Kf1 Nb6 30. Bc2 Kg7 31. Rxe6 Rxe6 32. Re1 Kf6 33. Rxe6+ Kxe6 34. f4 Kf6 35. Kf2 h6 36. Kf3 a4 37. Ke3 Nc8 38. Kf3 Ne7 39. Ke3 Ke6 40. Kf3 Kf6 41. Ke3 Ke6 42. Kf3 1/2-1/2

[Event "Ruhrgebiet VK1 1112"]
[Site "Nordrheinwestfalen"]
[Date "2011.11.13"]
[Round "3"]
[White "Friedrich, Patrick"]
[Black "Markert, Dirk"]
[Result "1-0"]
[WhiteElo "1858"]
[BlackElo "1963"]
[PlyCount "69"]
[EventDate "2012.09.18"]
[EventType "team-tourn"]
[EventRounds "9"]
[EventCountry "GER"]
[SourceTitle "EXT 2020"]
[Source "ChessBase"]
[SourceDate "2019.10.17"]
[SourceVersion "1"]
[SourceVersionDate "2019.10.17"]
[SourceQuality "1"]
[WhiteTeam "Weisse Dame Borbeck II"]
[BlackTeam "Kamen SV II"]
[WhiteTeamCountry "GER"]
[BlackTeamCountry "GER"]

1. d4 e6 2. Nf3 Nf6 3. e3 d5 4. Bd3 c5 5. b3 Nc6 6. Bb2 b6 7. 0-0 Bd6 8. a3 0-0 9. Nbd2 Bb7 10. Ne5 Rc8 11. f4 cxd4 12. exd4 Ne7 13. Qe2 a5 14. Rf3 b5 15. Rh3 Ng6 16. Rf1 Qc7 17. f5 exf5 18. Rxf5 Bxe5 19. dxe5 Ne4 20. Bd4 Qd7 21. Qh5 Rfe8 22. Qxh7+ Kf8 23. Qxg6 Kg8 24. Qh7+ Kf8 25. e6 Qxe6 26. Qxg7+ Ke7 27. Re5 Rg8 28. Rxe6+ Kxe6 29. Qe5+ Kd7 30. Nxe4 dxe4 31. Bxb5+ Bc6 32. Qd5+ Ke7 33. Bxc6 Rg6 34. Qe5+ Kf8 35. Rh8+ 1-0

[Event "Moehnesee Cup-A 37th"]
[Site "Moehnesee"]
[Date "2011.09.03"]
[Round "4"]
[White "Markert, Dirk"]
[Black "Ackermann, Frank"]
[Result "0-1"]
[WhiteElo "1935"]
[BlackElo "2088"]
[PlyCount "92"]
[EventDate "2011.09.01"]
[EventType "swiss"]
[EventRounds "7"]
[EventCountry "GER"]
[SourceTitle "EXT 2013"]
[Source "ChessBase"]
[SourceDate "2012.11.22"]
[SourceVersion "1"]
[SourceVersionDate "2012.11.22"]
[SourceQuality "1"]

1. e4 c5 2. Nc3 Nc6 3. d3 g6 4. g3 Bg7 5. Bg2 e6 6. Be3 Nd4 7. Nce2 Ne7 8. c3 Nxe2 9. Nxe2 d6 10. Qd2 0-0 11. Bh6 Rb8 12. h4 Bxh6 13. Qxh6 Kh8 14. h5 Ng8 15. Qe3 g5 16. h6 b6 17. e5 d5 18. 0-0-0 Bd7 19. d4 Bb5 20. Bf1 Bxe2 21. Bxe2 cxd4 22. Rxd4 f6 23. f4 gxf4 24. Rxf4 f5 25. g4 Qg5 26. Rh5 Qg6 27. gxf5 exf5 28. Rf1 Ne7 29. Rg1 Qe6 30. Rg7 a5 31. Bd3 b5 32. Qa7 Rbe8 33. Qc7 Rf7 34. Rxf7 Qxf7 35. Rxf5 Qg8 36. Rf1 d4 37. Qd6 Qg5+ 38. Kd1 dxc3 39. bxc3 Ng8 40. Re1 Rd8 41. Qc7 Rxd3+ 42. Kc2 Rd2+ 43. Kb1 Nxh6 44. Rf1 Ng8 45. e6 Qg6+ 46. Ka1 Qxe6 0-1

[Event "Moehnesee Cup-A 37th"]
[Site "Moehnesee"]
[Date "2011.09.02"]
[Round "2"]
[White "Markert, Dirk"]
[Black "Steinle, Carsten"]
[Result "0-1"]
[WhiteElo "1935"]
[BlackElo "2146"]
[PlyCount "108"]
[EventDate "2011.09.01"]
[EventType "swiss"]
[EventRounds "7"]
[EventCountry "GER"]
[SourceTitle "EXT 2013"]
[Source "ChessBase"]
[SourceDate "2012.11.22"]
[SourceVersion "1"]
[SourceVersionDate "2012.11.22"]
[SourceQuality "1"]

1. e4 e6 2. d4 d5 3. Nd2 Nf6 4. e5 Nfd7 5. Ngf3 b6 6. c4 Bb7 7. cxd5 Bxd5 8. Bc4 Be7 9. Qe2 Nf8 10. 0-0 Nc6 11. Rd1 Nb4 12. b3 Bb7 13. Ba3 Nd5 14. Bxe7 Qxe7 15. Rac1 Ng6 16. Bb5+ Kf8 17. g3 a6 18. Bd3 Qd7 19. h4 Nge7 20. Ne4 h6 21. Nc3 g6 22. Ne4 Nf5 23. Bc4 Qd8 24. Nf6 Nxf6 25. exf6 Qxf6 26. Ne5 Rd8 27. Bxa6 Bxa6 28. Qxa6 Nxd4 29. Rxd4 Rxd4 30. Qc8+ Kg7 31. Qxc7 Rhd8 32. Kg2 R8d5 33. Nf3 Rd3 34. Nh2 Qd4 35. Nf3 Qe4 36. Qf4 Qf5 37. Rc7 Rd7 38. Rc6 b5 39. Qxf5 gxf5 40. Ne5 R3d6 41. Rc5 Rb7 42. Rc2 Ra7 43. h5 Kf6 44. f4 Rda6 45. a4 bxa4 46. bxa4 Rxa4 47. Nd3 Ra2 48. Rf2 R7a3 49. Ne5 Ra1 50. g4 fxg4 51. Nxg4+ Kg7 52. f5 exf5 53. Rxf5 R1a2+ 54. Nf2 Ra5 0-1

[Event "Moehnesee Cup-A 37th"]
[Site "Moehnesee"]
[Date "2011.09.01"]
[Round "1"]
[White "Schwarzenberg, Josef"]
[Black "Markert, Dirk"]
[Result "0-1"]
[WhiteElo "2133"]
[BlackElo "1935"]
[PlyCount "76"]
[EventDate "2011.09.01"]
[EventType "swiss"]
[EventRounds "7"]
[EventCountry "GER"]
[SourceTitle "EXT 2013"]
[Source "ChessBase"]
[SourceDate "2012.11.22"]
[SourceVersion "1"]
[SourceVersionDate "2012.11.22"]
[SourceQuality "1"]

1. d4 d5 2. c4 e6 3. Nc3 c5 4. cxd5 exd5 5. Nf3 Nc6 6. g3 Nf6 7. Bg2 Be7 8. 0-0 0-0 9. Bg5 c4 10. Ne5 Be6 11. f4 h6 12. Bxf6 Bxf6 13. e3 Ne7 14. g4 Rb8 15. a4 a6 16. f5 Bc8 17. a5 b5 18. axb6 Rxb6 19. Ra2 Qd6 20. Nxd5 Nxd5 21. Nxc4 Qd8 22. Bxd5 Qxd5 23. Nxb6 Qxa2 24. Nxc8 Rxc8 25. Rf2 Bg5 26. Qd3 Qa1+ 27. Kg2 Qc1 28. e4 Be3 29. Re2 Qg1+ 30. Kh3 Qf1+ 31. Kg3 Bf4+ 32. Kh4 Bg5+ 33. Kg3 Rc1 34. Qxa6 Qf4+ 35. Kh3 Rg1 36. Qa8+ Kh7 37. Rg2 Qf3+ 38. Rg3 Rxg3+ 0-1

[Event "Moehnesee Cup 36th"]
[Site "Moehnesee"]
[Date "2010.08.28"]
[Round "4"]
[White "Thanabalasingam, Ajandhan"]
[Black "Markert, Dirk"]
[Result "1/2-1/2"]
[WhiteElo "1940"]
[BlackElo "1879"]
[PlyCount "102"]
[EventDate "2010.08.26"]
[EventType "swiss"]
[EventRounds "7"]
[EventCountry "GER"]
[SourceTitle "EXT 2011"]
[Source "ChessBase"]
[SourceDate "2010.11.26"]
[SourceVersion "1"]
[SourceVersionDate "2010.11.26"]
[SourceQuality "1"]

1. e4 e6 2. d4 d5 3. Nc3 dxe4 4. Nxe4 Be7 5. Nf3 Nf6 6. Bd3 Nxe4 7. Bxe4 Nd7 8. 0-0 Nf6 9. Bd3 0-0 10. Ne5 c5 11. dxc5 Bxc5 12. Qe2 Qc7 13. Bf4 Bd6 14. Rad1 Rd8 15. c4 b6 16. Rfe1 Bd7 17. Bc2 Be8 18. Rd3 Qc5 19. Rh3 g6 20. Qf3 Nd7 21. Nxd7 Bxd7 22. Bxd6 Qxd6 23. Rxh7 Be8 24. Rh4 Qd2 25. Rf1 Qg5 26. Rh3 Rac8 27. Qc3 e5 28. f4 Qe7 29. Kh1 Rd4 30. b3 Rcd8 31. Re3 Qh4 32. fxe5 Bc6 33. Rg3 Qf4 34. Qe1 Qd2 35. e6 Qxc2 36. exf7+ Kf8 37. Qe5 Qf2 38. Qh8+ Ke7 39. Re3+ Be4 40. Qe5+ Kf8 41. Qh8+ Ke7 42. Rxe4+ Rxe4 43. Qxd8+ Kxd8 44. f8Q+ Qxf8 45. Rxf8+ Ke7 46. Rf1 Re2 47. h3 Rxa2 48. Kh2 a5 49. h4 Rb2 50. Rf3 a4 51. bxa4 Ra2 1/2-1/2

[Event "Moehnesee Cup 36th"]
[Site "Moehnesee"]
[Date "2010.08.26"]
[Round "1"]
[White "Meyer, Ulrich"]
[Black "Markert, Dirk"]
[Result "1-0"]
[WhiteElo "2051"]
[BlackElo "1879"]
[PlyCount "71"]
[EventDate "2010.08.26"]
[EventType "swiss"]
[EventRounds "7"]
[EventCountry "GER"]
[SourceTitle "EXT 2011"]
[Source "ChessBase"]
[SourceDate "2010.11.26"]
[SourceVersion "1"]
[SourceVersionDate "2010.11.26"]
[SourceQuality "1"]

1. d4 e6 2. Nf3 d5 3. Bf4 Nf6 4. e3 Be7 5. Bd3 0-0 6. c3 b6 7. Nbd2 Bb7 8. Ne5 Nbd7 9. Qf3 Re8 10. Qh3 Nf8 11. Ndf3 c5 12. Ng5 cxd4 13. Ngxf7 Qc8 14. Nh6+ gxh6 15. Qg3+ Ng6 16. Bxg6 Rf8 17. Bxh6 Ng4 18. Qxg4 Bf6 19. Bf7+ Kh8 20. Bxe6 Qc7 21. Bxf8 Rxf8 22. Nf7+ Rxf7 23. Bxf7 Qxf7 24. cxd4 Ba6 25. Rc1 Qf8 26. a3 Be7 27. Rc7 Bd6 28. Rc3 Be7 29. h4 Bb4 30. axb4 Qxb4 31. Rh3 Qa5 32. Qd1 Qb4 33. Kd2 Qxb2+ 34. Qc2 Qb4 35. Qb3 Qf8 36. Rf3 1-0